| 000 | 00481nam a22001697a 4500 | ||
|---|---|---|---|
| 005 | 20251108165901.0 | ||
| 008 | 250721s1984 xx 000 0 ara d | ||
| 082 | 1 | 4 | _aط/784.62/عطي |
| 100 | 1 | _aخليل، عطيات عبد الخالق | |
| 245 | 1 | 0 | _aعش العصافير / |
| 264 | 1 |
_aالقاهره : _bمكتبة الأنجلو المصريه، _c1984. |
|
| 300 | _a118ص | ||
| 650 | 1 | 7 | _aالغناء |
| 650 | 1 | 7 | _aالأطفال |
| 942 |
_2ddc _cBK |
||
| 999 |
_c33820 _d33820 |
||